LEADER 01268nam a2200289 i 4500 001 991001009829707536 008 110111s2010 us a b s001 0 eng 020 $a9780253221216 035 $ab13946134-39ule_inst 040 $aDip.to Filologia Class. e Scienze Filosofiche$bita 041 1 $aeng$hgrc 082 00$a881.008 245 00$aAncient Greek lyrics /$ctranslated & annotated by Willis Barnstone ; introduction by William E. McCulloh ; drawings by Elli Tzalopoulou Barnstone 250 $a4. ed. 260 $aBloomington :$bIndiana University Press,$c2010 300 $aXXXII, 338 p. :$bill. ;$c23 cm 500 $aEd. riv. di: Sappho and the Greek lyric poets. New York : Schocken Books, c1988 504 $aContiene riferimenti bibliografici. Indice 650 4$aPoesia lirica greca 700 1 $aBarnstone, Willis$eauthor$4http://id.loc.gov/vocabulary/relators/aut$0488524 700 1 $aMcCulloh, William E. 907 $a.b13946134$b06-05-11$c11-01-11 912 $a991001009829707536 945 $aLE007 880.1 Lyrici BAR 01.01$g1$i2007000208106$lle007$nLE007 2011 Vox$op$pE15.08$q-$rl$s- $t0$u1$v0$w1$x0$y.i15264580$z06-05-11 996 $aAncient Greek lyrics$91441257 997 $aUNISALENTO 998 $ale007$b11-01-11$cm$da $e-$feng$gus $h0$i0 LEADER 01152nam a2200313 i 4500 001 991000993779707536 005 20020507181300.0 008 981210s1977 de ||| | ger 035 $ab10786326-39ule_inst 035 $aLE01305438$9ExL 040 $aDip.to Matematica$beng 082 04$a516.35 084 $aAMS 14L 100 1 $aVoigt, Detlef$059320 245 10$aInduzierte Darstellungen in der Theorie der endlichen, algebraischen Gruppen /$cDetlef Voigt 260 $aBerlin :$bSpringer-Verlag,$c1977 300 $a413 p. ;$c25 cm 490 1 $aLecture notes in mathematics,$x0075-8434 ;$v592 500 $aIncludes index 504 $aBibliography: p. [408]-410 650 0$aFinite groups 650 0$aGroup schemes 650 0$aRepresentations of groups 907 $a.b10786326$b29-07-19$c28-06-02 912 $a991000993779707536 945 $aLE013 14L VOI11 (1977)$g1$i2013000105406$lle013$o-$pE0.00$q-$rl$s- $t0$u0$v0$w0$x0$y.i10886539$z28-06-02 996 $aInduzierte Darstellungen in der Theorie der endlichen, algebraischen Gruppen$9922218 997 $aUNISALENTO 998 $ale013$b01-01-98$cm$da $e-$fger$gde $h0$i1